000 00829nam a22002537a 4500
001 2162214035924541
003 UA-OsUOA
005 20240103155833.0
008 240103b -cnao||| |||| 00| 0 eng d
020 _a9781584800804
040 _aUA-OsUOA
_bukr
_cUA-OsUOA
_dUA-OsUOA
041 _aeng
080 _a61
090 _a61
_bF56
245 _aFirst Aid, the Vital Link
_cCanadian Red Cross
250 _aSecond Edition
_bRevised Edition 2000
260 _aGuelph
_bStay Well
_c2001
300 _a211 p.
520 _aFirst Aid, the Vital Link, second edition by the Canadian Red Cross. This is a revised edition containing year 2000 CPR guideline updates.
650 _2UDC
_a61 Медичні науки
942 _cBK
_2udc
955 _a2
999 _c281404
_d281404